Normal view
MARC view
- Khan , NC Raheel (TCC-17)
Entry Personal Name
001 - CONTROL NUMBER
- control field: 131983
003 - CONTROL NUMBER IDENTIFIER
- control field: NUST
005 - DATE AND TIME OF LATEST TRANSACTION
- control field: 20251121144649.0
008 - FIXED-LENGTH DATA ELEMENTS
- fixed length control field: 251121|| aca||aabn | a|a d
040 ## - CATALOGING SOURCE
- Original cataloging agency: NUST
- Transcribing agency: NUST
100 ## - HEADING--PERSONAL NAME
- Personal name: Khan , NC Raheel (TCC-17)
670 ## - SOURCE DATA FOUND
- Source citation: Work cat.: (NUST)182289: Khan , NC Raheel (TCC-17), Implementation of turbo codes in interleave division multiple access (IDMA) systems using unequal power allocation/, 2009
